01566 a2200229 4500003000500000005001700005040000900022082001500031100003000046245004300076250001200119260003000131300001100161505060400172650002800776942001400804999001900818952012300837952012400960952012601084952012601210Nust20230712125336.0 cNust a530.12,SCH aSchiff, Leonard I.982584 aQuantum mechanics /cLeonard I. Schiff a2nd ed. aLondonbMcGraw-Hillc1955 a417 p. aThe Physical Basis of Quantum Mechanics (Page-1), The Schrodinger Wave Equation (Page-17), Eigenfucation and Eigen values (Page-41), Discrete Eigen values Energy Levels (Page-60), Continuous Eigen values Collision Theory (Page-92), Matrix Formation of Quantum Mechanics (Page-122), Approximation Methods for Station Problems (Page-151), Approximation Methods for Time Dependent Problems (Page-195), Identical Particles and Spin (Page-222), Atoms Molecules and Nuclei (Page-277), Relativistic Wave Equations (Page-318), The Quantization of Wave Fields (Page-342), Quantum Electrodynamics (Page-373).  aQuantum mechanics91526 2ddccBKB  c180602d180602 00102ddc4070aMCSbMCScGENd2016-12-12o530.12,SCHpMCS6330r2016-12-08w2016-12-12yBKzAlmirah No.77, Shelf No.2 00102ddc4070aMCSbMCScGENd2023-07-12o530.12,SCHpMCS22291r2023-07-12w2023-07-12yBKzAlmirah No.77, Shelf No.2 00102ddc4070aMCSbMCScGENd2025-09-12l0o530.12,SCHpMCS6325r2025-09-12w2025-09-12yBKzAlmirah No.77, Shelf No.3 00102ddc4070aMCSbMCScGENd2025-09-12l0o530.12,SCHpMCS6259r2025-09-12w2025-09-12yBKzAlmirah No.77, Shelf No.3